| 000 | 01494cam a2200361 a 4500 | ||
|---|---|---|---|
| 999 |
_c529497 _d529497 |
||
| 001 | 1951777 | ||
| 003 | NUST | ||
| 005 | 20190926154239.0 | ||
| 008 | 881013s1987 dcua b 000 0 eng | ||
| 010 | _a 87050659 | ||
| 020 |
_a0309044081 (pbk.) : _c$10.40 |
||
| 038 | _aMSOHAIL | ||
| 040 |
_aDLC _cDLC _dDLC |
||
| 050 | 0 | 0 |
_aTE250 _b.T37 1987 |
| 082 | 0 | 0 |
_a625.85 _219 |
| 100 | 1 |
_aTerrell, Ronald L. _921676 |
|
| 245 | 1 | 0 |
_aEffects of permit and illegal overloads on pavements / _cRonald L. Terrell, Chris A. Bell. |
| 260 |
_aWashington, D.C. : _bTransportation Research Board, National Research Council, _c[1987] |
||
| 300 |
_a99 p. : _bill. ; _c28 cm. |
||
| 440 | 0 |
_aSynthesis of highway practice, _x0547-5570 ; _v131 _921677 |
|
| 500 | _a"Research sponsored by the American Association of State Highway and Transportation Officials in cooperation with the Federal Highway Administration." | ||
| 500 | _a"September 1987." | ||
| 500 | _a"Project 20-5 FY 1983 (Topic 15-05)"--T.p. verso. | ||
| 504 | _aBibliography: p. 61-63. | ||
| 650 | 0 |
_aPavements _xLive loads. _921678 |
|
| 650 | 0 |
_aPavements _xEvaluation. _921679 |
|
| 700 | 1 |
_aBell, Chris A. _921680 |
|
| 710 | 2 |
_aNational Research Council (U.S.). _bTransportation Research Board. _919676 |
|
| 710 | 2 |
_aAmerican Association of State Highway and Transportation Officials. _919553 |
|
| 710 | 1 |
_aUnited States. _bFederal Highway Administration. _920149 |
|
| 906 |
_a7 _bcbc _corignew _d3 _eocip _f19 _gy-gencatlg |
||
| 942 |
_2ddc _cBK |
||